00321nam a2200133Ia 45000030006000000080041000060400015000471000031000622450035000932500011001282600019001395460012001580050017001700STCL150530s9999 xx 000 0 und d aSTCLcSTCL aAnand, P.L.; Vasisht, B.R. aIntermediate zoology made easy aFourth bAtma Ramc1950 aEnglish20220125170415.0